000 01159cam a22002054a 4500
005 20250605164023.0
008 250528s ||||||||||||||||||||||||d
035 _a16435
020 _a91731666
040 _aGR-AtMCL
_bgre
_dGR-AtMCL
_eAACR2
245 1 _aThe Economics of Labor Markets and Management
260 _bHutchinson Education,
_c2010
300 _a340
520 _aA lucidly written textbook that will give that will give readers a thorough understanding of labor markets and wage determination. Preface, The Changing Pattern of Work, The Workforce, The Quality of the Workforce, The Demand for Labor, Wider Aspects of the Demand for Labor, The Supply of Labor, The Individual's Choice of Work, Labor Markets in Theory and Practice, Further Aspects of Labor Markets, Mobility and Search and Information, Labor Market Disequilibrium, The Firm in the Labor Market, Wage Determination and Differentials, Wages and the Firm, Wages and Society, Wages and Trade Unions, Labor Markets Today and in the Future, Bibliography.
700 1 _aMallier Tony
_92528
700 1 _aShafto Tony
_91162
942 _cBK
999 _c1935
_d1935